A course in differential equations with boundary-value problems (Record no. 18298)
[ view plain ]
| 000 -LEADER | |
|---|---|
| fixed length control field | 00624nam a2200193Ia 4500 |
| 008 - FIXED-LENGTH DATA ELEMENTS--GENERAL INFORMATION | |
| fixed length control field | 240925s9999 xx 000 0 und d |
| 020 ## - INTERNATIONAL STANDARD BOOK NUMBER | |
| International Standard Book Number | 9781498736053 |
| 082 ## - DEWEY DECIMAL CLASSIFICATION NUMBER | |
| Classification number | 515.35 WIR |
| 100 ## - MAIN ENTRY--PERSONAL NAME | |
| Personal name | Wirkus, Stephen A. |
| 245 #2 - TITLE STATEMENT | |
| Title | A course in differential equations with boundary-value problems |
| 250 ## - EDITION STATEMENT | |
| Edition statement | 2nd |
| 260 ## - PUBLICATION, DISTRIBUTION, ETC. | |
| Place of publication, distribution, etc. | New York: |
| Name of publisher, distributor, etc. | CRC Press |
| Date of publication, distribution, etc. | ,2017. |
| 300 ## - PHYSICAL DESCRIPTION | |
| Extent | 767p. |
| Other physical details | NA |
| Type of unit | Original |
| 500 ## - GENERAL NOTE | |
| General note | Includes Index |
| 600 ## - SUBJECT ADDED ENTRY--PERSONAL NAME | |
| Personal name | Humanities & Natural Science |
| 650 ## - SUBJECT ADDED ENTRY--TOPICAL TERM | |
| Topical term or geographic name entry element | Mathematics |
| 856 ## - ELECTRONIC LOCATION AND ACCESS | |
| Uniform Resource Identifier | <a href="https://drive.google.com/file/d/1xfR_vpFX6p6WK_fmUQhcah5X0AJEFUuC/view?usp=sharing">https://drive.google.com/file/d/1xfR_vpFX6p6WK_fmUQhcah5X0AJEFUuC/view?usp=sharing</a> |
| Link text | Click here for PDF |
| 942 ## - ADDED ENTRY ELEMENTS (KOHA) | |
| Koha item type | Books |
| Withdrawn status | Lost status | Damaged status | Not for loan | Collection | Home library | Current library | Date acquired | Source of acquisition | Cost, normal purchase price | Total checkouts | Full call number | Barcode | Date last seen | Price effective from | Koha item type |
|---|---|---|---|---|---|---|---|---|---|---|---|---|---|---|---|
| Humanities & Basic Sciences | UITU Library | UITU Library | 05/23/2024 | Global Link information service | 17109.41 | 515.35 WIR | Q15799 | 09/25/2024 | Books |

